Wrestlemania 38 results - Statistiken

Allgemein
  • Dieses Quiz wurde 109 mal gespielt
  • Das Durchschnittsergebnis liegt bei 6 aus 14
Antwortstatistiken
Hint Antwort % Korrekt
Undisputited WWE Universal Championship Roman Reigns
96%
Smackdown Tag Team Championship The Usos
74%
Raw Womens Championship Bianca Belair
73%
KO SHOW+No Holds Barred Stone Cold Steve Austin
61%
Smackdown Womens Championship Charlotte Flair
51%
Raw Tag Team Championship 3Way Match RK-Bro
50%
Singles Match Cody Rhodes
40%
Tag Team Match The Miz Logan Paul
31%
Singles Match Edge
29%
Divas Tag Team 4Way Match Sasha Banks Naomi
24%
Singles Match Bobby Lashley
21%
Anything goes Match Johnny Knoxville
21%
Singles Match PatMcAfee
12%
Tag Team Match Sheamus Ridge Holland
7%
Keine übereinstimmenden Quizze gefunden
Verteilung der Resultate
Anzahl Personen mit jedem Resultat
Perzentil nach korrekt beantworteten Fragen
Ihre Resultats-Entwicklung
Sie haben dieses Quiz noch nicht gespielt